[Event "10th A Margaryan Memorial 2020"]
[Site "Yerevan"]
[Date "2020.01.13"]
[Round "3.1"]
[White "Shahinyan, David"]
[Black "Sargsyan, Anna M."]
[Result "1-0"]
[WhiteElo "2444"]
[BlackElo "2382"]
[Annotator "TA"]
[PlyCount "89"]
[EventDate "2020.01.09"]
[EventType "tourn"]
[EventCountry "ARM"]
[SourceTitle "playchess.com"]
[Source "ChessBase"]
[SourceQuality "1"]

{[%evp 9,89,-52,-17,-57,-44,-70,-17,-23,-6,-4,0,-5,4,-10,-4,-27,22,10,31,0,22,34,29,1,26,12,5,16,10,34,112,110,90,111,100,112,106,105,88,96,80,89,91,92,94,96,102,92,101,89,156,150,201,190,176,182,268,264,344,343,477,444,500,493,487,445,435,419,404,329,322,322,322,322,1953,1889,1590,1158,29973,29974,29977,29978]} 1. c4 c6 2. g3 d5 3. Bg2 e5 4. b3 Nf6 5. Bb2 Bd6 6. d3 {A20: English Opening: 1...e5} O-O 7. Nd2 Qe7 $146 ({Black should try} 7... d4 $15) ({Predecessor:} 7... Re8 8. Ngf3 Bg4 {½-½ (8) Salgado Lopez,I (2559)-Llaneza Vega,M (2522) Villava 2009}) 8. Ngf3 $11 {The position is equal.} Bg4 9. O-O Nbd7 10. h3 Bh5 11. Nh4 Qe6 12. Qc2 d4 13. Rae1 Bc5 14. e3 dxe3 15. fxe3 Rfe8 16. a3 a5 17. g4 Bg6 18. Nxg6 hxg6 19. d4 $36 {[%mdl 2048] White is pushing.} exd4 ({Black should play} 19... Bb6 $14) 20. exd4 $16 {[%mdl 64] Discovered Attack} Qxe1 21. Rxe1 Rxe1+ 22. Kf2 Rae8 {And now ...R8e2+ would win.} 23. Nf3 (23. dxc5 R8e2+ 24. Kf3 (24. Kg3 $2 Rg1 $19) 24... Re3+ 25. Kf2 R3e2+ 26. Kf3 (26. Kg3 $2 Rg1 $19) 26... Ne4 $1 $17 {[%mdl 512]}) 23... R1e2+ 24. Qxe2 Rxe2+ 25. Kxe2 Bd6 26. Ne1 Nf8 27. Nd3 Ne6 28. b4 axb4 29. axb4 Kf8 {[#]} (29... Bh2 $142) 30. b5 $1 Nd8 (30... cxb5 $16 31. c5 (31. cxb5 b6 $14) 31... Bh2) 31. c5 $18 {aiming for bxc6.} Bc7 32. bxc6 Nxc6 (32... bxc6 $142 33. Nb4 Ne6) 33. d5 Na5 34. Bc3 Bd8 35. d6 Nc6 36. Ne5 Ba5 37. Bxa5 Nxa5 {[%mdl 4096] Endgame KBN-KNN} 38. Kd3 Ke8 {Now ...Nd7 and Black clings on.} 39. Kc3 Nd7 40. Kb4 {Black must now prevent Nxd7.} Nxe5 41. Kxa5 Nc6+ $2 (41... Kd7 42. Bxb7 Nc4+ 43. Kb5 Nxd6+ 44. cxd6 Kxd6) 42. Kb6 {[%mdl 64] Double Attack} Kd7 43. Kxb7 Nd8+ 44. Kb6 f5 45. Bd5 {Accuracy: White = 74%, Black = 43%.} 1-0

[Event "10th A Margaryan Memorial 2020"]
[Site "Yerevan"]
[Date "2020.01.13"]
[Round "3.2"]
[White "Davtyan, Artur"]
[Black "Galperin, Platon"]
[Result "0-1"]
[WhiteElo "2437"]
[BlackElo "2460"]
[Annotator "TA"]
[PlyCount "70"]
[EventDate "2020.01.09"]
[EventType "tourn"]
[EventCountry "ARM"]
[SourceTitle "playchess.com"]
[Source "ChessBase"]
[SourceQuality "1"]

{[%evp 11,70,48,45,43,49,42,44,38,50,43,40,43,42,-6,0,0,0,0,7,4,57,0,0,-4,-5,-20,-5,-10,-17,-50,-41,-132,-39,-54,-47,-240,-237,-249,-243,-405,-405,-405,-402,-386,-378,-562,-471,-560,-555,-552,-543,-514,-531,-525,-510,-1129,-1103,-1058,-1024,-1235,-1241]} 1. d4 Nf6 2. c4 g6 3. Nc3 Bg7 4. e4 d6 5. Be2 O-O 6. Be3 Nc6 7. Nf3 {E73: King's Indian: Averbakh Variation without 6...c5} (7. d5 Ne5 8. h3 c6 9. Nf3 Nxf3+ 10. Bxf3 Nd7 11. Be2 Qa5 12. Bd4 Bh6 13. f3 c5 14. Bf2 b5 15. cxb5 {1-0 (38) Ganguly,S (2633)-Guseinov,G (2666) Moscow 2019}) 7... Ng4 8. Bg5 h6 9. Bh4 {White is slightly better.} g5 10. Bg3 e5 {[%cal Re5d4]} 11. d5 Nd4 12. Nd2 $146 ({Predecessor:} 12. Nxd4 exd4 13. Nb5 Nf6 14. f3 Nh5 {0-1 (56) Muradli,M (2459)-Galperin,P (2469) Corum 2019}) 12... f5 $36 {[%mdl 2048] Black has good play.} 13. exf5 $1 Nxe2 14. Qxe2 Bxf5 15. Nde4 Qe8 ({Black should try} 15... Nf6 $11) 16. c5 (16. h4 $14) 16... Nf6 $11 17. cxd6 Nxe4 18. Nxe4 Qg6 19. f3 cxd6 20. Rc1 h5 21. Rc4 (21. h3 $15) 21... Rf7 ({Better is} 21... g4 $1 $17 22. O-O gxf3 23. Rxf3 b5 24. Rxf5 Rxf5) 22. O-O Raf8 {...b5 is the strong threat.} 23. h3 $2 (23. a4 $1 $15) 23... b5 $19 24. Rcc1 g4 $1 {[%cal Rg4f3] Threatens to win with ...gxf3.} 25. Kh2 $2 (25. Rce1 gxh3 26. Kh2) 25... gxf3 26. gxf3 {[#] intending Rg1.} h4 $1 {[%mdl 512]} 27. Bxh4 Qh6 28. Bg5 (28. Qg2 {might work better.} Bxe4 29. Bg5) 28... Qxh3+ {Black is clearly winning.} 29. Kg1 Bxe4 30. fxe4 Rf3 $1 {[%cal Rf3g3]} ({Worse is} 30... Qg3+ 31. Qg2 $11) 31. Rxf3 Rxf3 32. Rc3 {[#]} Qg3+ $1 {[%mdl 64] Double Attack} 33. Qg2 {[#]} (33. Kh1 $142 Rxc3 34. bxc3 Qxg5 35. Qxb5) 33... Qe1+ $1 {[%mdl 64] Double Attack} 34. Kh2 Rf2 35. Rc8+ Kh7 {Accuracy: White = 36%, Black = 77%.} 0-1

[Event "10th A Margaryan Memorial 2020"]
[Site "Yerevan"]
[Date "2020.01.13"]
[Round "3.3"]
[White "Matviishen, Viktor"]
[Black "Barseghyan, Armen Ar."]
[Result "0-1"]
[WhiteElo "2497"]
[BlackElo "2408"]
[Annotator "TA"]
[PlyCount "120"]
[EventDate "2020.01.09"]
[EventType "tourn"]
[EventCountry "ARM"]
[SourceTitle "playchess.com"]
[Source "ChessBase"]
[SourceQuality "1"]

{[%evp 20,120,12,20,17,-7,-7,-35,-6,-35,10,11,27,32,41,43,47,47,41,44,43,44,51,24,20,17,18,16,24,24,36,47,70,26,40,34,36,25,34,35,30,29,46,0,0,0,0,0,0,0,27,0,0,0,0,0,4,4,31,2,0,0,0,0,47,-191,-185,-249,-255,-226,-231,-493,-498,-1075,-756,-745,-737,-710,-712,-596,-447,-1604,-1572,-1723,-1730,-1585,-1591,-3323,-3000,-29987,-29983,-29983,-29984,-29984,-29985,-29985,-29984,-29986,-29982,-29987,-29988,-29988,-29989]} 1. d4 f5 2. c4 Nf6 3. g3 e6 4. Bg2 d5 5. Nf3 c6 6. O-O Bd6 7. b3 Qe7 8. Bb2 b6 9. Ne5 Bb7 10. Nd2 O-O 11. Ndf3 a5 {A90: Dutch Defence: Miscellaneous and Modern Stonewall (with ...Bd6)} 12. Bc1 $146 ({Predecessor:} 12. Rc1 Na6 13. Nd3 Rfd8 14. Nfe5 Rac8 15. e3 Ne4 16. f3 Nf6 17. g4 c5 18. g5 Nd7 19. f4 Bxe5 20. fxe5 Qxg5 {0-1 (52) Fridman,D (2628)-Nikolic,P (2646) Germany 2007}) 12... Ne4 13. Nd3 Nd7 {Black is slightly better.} 14. Nfe5 Bxe5 (14... c5 {seems wilder.} 15. cxd5 exd5 16. Bb2 a4 17. Rc1 a3) 15. dxe5 Nec5 16. Ba3 b5 17. Rc1 b4 18. Bb2 Rfc8 19. Nxc5 Nxc5 20. Bd4 Nd7 21. c5 Ba6 22. Qd2 Rcb8 23. f3 a4 24. Rfe1 (24. bxa4 Bc4 $17) 24... axb3 25. axb3 Rb5 26. Qc2 Bc8 27. e4 Nf8 28. Ra1 Ra3 29. Rxa3 bxa3 30. Ra1 Qa7 31. Qa2 Ra5 32. b4 Ra4 33. Qb3 a2 34. Bb2 Ng6 {[%cal Bf8g6,Bg6e7,Be7f5][%mdl 32]} 35. Kh1 Ne7 36. exf5 Nxf5 37. Bf1 Qa8 38. Bd3 Ra7 39. Bc2 Qb7 40. Qc3 Qb5 41. Bd3 Qb8 42. g4 $2 (42. Qd2 $14 {stays ahead.}) 42... Nh4 $1 $19 43. f4 {[#]} (43. Qe1 $142 Nxf3 44. Qe2) 43... Ba6 $1 {[%cal Ra6d3]} 44. Bxa6 Rxa6 45. f5 $2 (45. Qe1 {was called for.} Ng6 46. f5) 45... Qb5 46. Qg3 (46. Qe1 $142 Qd3 47. Qxh4 Qe4+ 48. Kg1 Qb1+ {[%mdl 64] Double Attack} 49. Qe1 (49. Bc1 $2 Ra8 $19) 49... Qxb2 50. fxe6) 46... Qe2 47. Qxh4 Ra8 48. Qe1 Qxb2 49. fxe6 {[%mdl 4096] Endgame KQR-KQR} Qd4 50. b5 (50. g5 $142) 50... cxb5 51. c6 b4 52. c7 b3 53. Rc1 Rc8 {( -> ...b2)} 54. Qh4 Qe4+ {Black mates.} ({Stronger than} 54... a1=Q 55. Qd8+ Rxd8 56. cxd8=Q#) 55. Kg1 Qe3+ 56. Kg2 g5 ({Weaker is} 56... Qxc1 {[#]} 57. Qd8+ $1 {[%mdl 512]} Rxd8 58. cxd8=Q#) 57. Qh5 Qe4+ 58. Kg3 Qg6 59. e7 Qxh5 60. gxh5 Kf7 {Accuracy: White = 46%, Black = 65%.} 0-1

[Event "10th A Margaryan Memorial 2020"]
[Site "Yerevan"]
[Date "2020.01.13"]
[Round "3.4"]
[White "Levin, Evgeny A."]
[Black "Hayrapetyan, Hovik"]
[Result "0-1"]
[WhiteElo "2527"]
[BlackElo "2458"]
[Annotator "TA"]
[PlyCount "80"]
[EventDate "2020.01.09"]
[EventType "tourn"]
[EventCountry "ARM"]
[SourceTitle "playchess.com"]
[Source "ChessBase"]
[SourceQuality "1"]

{[%evp 20,80,15,0,5,0,35,37,37,18,16,18,23,0,0,0,17,1,11,6,0,10,16,16,17,24,23,-32,-30,-97,-92,-87,-87,-87,-87,-163,-175,-151,-177,-161,-153,-154,-82,-83,-76,-58,-39,-48,-50,-302,-289,-6738,-6756,-2524,-2068,-12826,-12826,-1320,-11577,-1491,-696,-12831,-6778]} 1. d4 Nf6 2. c4 e6 3. Nf3 d5 4. Nc3 c6 5. e3 Nbd7 6. Qc2 Bd6 7. b3 O-O 8. Be2 b6 9. O-O Bb7 10. Bb2 Qe7 11. Rad1 Rfd8 {D45: Semi-Slav: 5 e3} (11... Rad8 12. Rfe1 Rfe8 13. Bf1 c5 14. cxd5 exd5 15. g3 Rc8 16. Qb1 cxd4 17. Nxd4 Bb4 18. Qa1 Ne5 19. Bg2 Qd7 20. a3 Bc5 21. Nce2 Ne4 22. Nf4 {½-½ (22) So,W (2760)-Giri,A (2776) Kolkata 2019}) 12. Rfe1 Ba3 $146 ({Predecessor:} 12... Bb4 13. Bd3 h6 14. Re2 Rac8 15. e4 dxc4 16. Bxc4 b5 17. Bd3 c5 18. Bxb5 cxd4 19. Rxd4 Bxc3 20. Bxc3 {½-½ (53) Esipenko,A (2564)-Dreev,A (2653) Riadh 2017}) 13. Bxa3 Qxa3 {White is slightly better.} 14. Ne5 Rac8 15. f4 Qf8 16. cxd5 cxd5 {And now ...Nxe5 would win.} 17. Qb2 a6 18. b4 Rc7 19. Rc1 Rdc8 20. a4 Nxe5 21. fxe5 Ne4 22. Nxe4 dxe4 23. Bf1 (23. Rxc7 $11 Rxc7 24. Rc1) 23... h6 $15 24. Kf2 (24. Rxc7 $11 {remains equal.} Rxc7 25. Be2) 24... Rxc1 $17 25. Rxc1 Rxc1 26. Qxc1 {Strongly threatening Qc7.} Qxb4 27. Qc7 (27. Qc2 $17) 27... Qd2+ $19 28. Be2 Bd5 {Hoping for ...Kh7.} 29. Qc8+ Kh7 {...b5 is the strong threat.} 30. Qxa6 Bb3 ({Black should play} 30... g6 $1 31. Qb5 Kg7) 31. Qb5 $17 Qa2 32. Ke1 Bc2 33. Qb4 Qxa4 34. Qxb6 $2 {[%mdl 8192]} ({White should try} 34. Qxa4 $15 Bxa4 35. Kd2) 34... Qa3 $1 $19 {[%cal Ra3c3]} 35. d5 $2 (35. Qc7 Qc1+ 36. Kf2) 35... Qc3+ {Black is clearly winning.} 36. Kf2 {[#]} Bd3 $1 37. dxe6 {[#]} Qd2 $1 {[%mdl 512]} 38. exf7 Qxe2+ 39. Kg3 {[#]} Qe1+ $1 40. Kh3 Qf2 {Accuracy: White = 38%, Black = 66%.} 0-1

[Event "10th A Margaryan Memorial 2020"]
[Site "Yerevan"]
[Date "2020.01.12"]
[Round "4.1"]
[White "Sargsyan, Anna M."]
[Black "Pogosyan, Stefan"]
[Result "0-1"]
[WhiteElo "2382"]
[BlackElo "2477"]
[Annotator "ChessBase"]
[PlyCount "90"]
[EventDate "2020.01.09"]
[EventType "tourn"]
[EventCountry "ARM"]
[SourceTitle "playchess.com"]
[Source "ChessBase"]
[SourceQuality "1"]
[TimeControl "40/5400+30:1800+30"]

1. d4 Nf6 2. c4 g6 3. g3 Bg7 4. Bg2 O-O 5. Nc3 d6 6. Nf3 Nc6 7. O-O e5 8. d5 Nb8 9. e4 a5 10. Ne1 Na6 11. Nd3 Nd7 12. Be3 Ndc5 13. f4 exf4 14. Bxc5 Nxc5 15. Nxc5 f3 16. Nxb7 Bxb7 17. Qxf3 Bc8 18. Rae1 Be5 19. Qd3 h5 20. b3 h4 21. Nb5 hxg3 22. hxg3 a4 23. b4 Qg5 24. Re3 Bd7 25. Nd4 a3 26. c5 Rfb8 27. Nf3 Qxg3 28. Nxe5 Qxe5 29. c6 Bg4 30. Rb1 Ra4 31. Qc3 Qxc3 32. Rxc3 Rbxb4 33. Rxb4 Rxb4 34. Rxa3 f5 35. exf5 gxf5 36. Rb3 Rxb3 37. axb3 Kf7 38. b4 Kf6 39. b5 f4 40. Kf2 Ke5 41. Bf3 Bf5 42. Bg2 Bc8 43. Kf3 Kxd5 44. Kxf4+ Kc5 45. Bf1 Be6 0-1

[Event "10th A Margaryan Memorial 2020"]
[Site "Yerevan"]
[Date "2020.01.12"]
[Round "4.2"]
[White "Hayrapetyan, Hovik"]
[Black "Sturua, Zurab"]
[Result "*"]
[WhiteElo "2458"]
[BlackElo "2530"]
[Annotator "ChessBase"]
[PlyCount "37"]
[EventDate "2020.01.09"]
[EventType "tourn"]
[EventCountry "ARM"]
[SourceTitle "playchess.com"]
[Source "ChessBase"]
[SourceQuality "1"]
[TimeControl "40/5400+30:1800+30"]

1. d4 Nf6 2. Nf3 e6 3. e3 d5 4. Bd3 c5 5. b3 Nc6 6. O-O Bd6 7. Bb2 O-O 8. Nbd2 b6 9. a3 Bb7 10. Ne5 Rc8 11. f4 Ne7 12. Qf3 b5 13. dxc5 Bxc5 14. b4 Bb6 15. Bd4 Ne4 16. Qe2 Nf5 17. Nb3 Nfd6 18. a4 bxa4 19. Rxa4 *

[Event "10th A Margaryan Memorial 2020"]
[Site "Yerevan"]
[Date "2020.01.12"]
[Round "4.2"]
[White "Barseghyan, Armen Ar."]
[Black "Levin, Evgeny A."]
[Result "1/2-1/2"]
[WhiteElo "2408"]
[BlackElo "2527"]
[Annotator "ChessBase"]
[PlyCount "72"]
[EventDate "2020.01.09"]
[EventType "tourn"]
[EventCountry "ARM"]
[SourceTitle "playchess.com"]
[Source "ChessBase"]
[SourceQuality "1"]
[TimeControl "40/5400+30:1800+30"]

1. d4 Nf6 2. Nf3 e6 3. e3 d5 4. Bd3 c5 5. b3 Nc6 6. O-O Bd6 7. Bb2 O-O 8. Nbd2 b6 9. a3 Bb7 10. Ne5 Rc8 11. f4 Ne7 12. Qf3 b5 13. dxc5 Bxc5 14. b4 Bb6 15. Bd4 Ne4 16. Qe2 Nf5 17. Nb3 Nfd6 18. a4 bxa4 19. Rxa4 f6 20. Nf3 Nc3 21. Bxc3 Rxc3 22. Nc5 Bxc5 23. bxc5 Rxc5 24. Rxa7 Ra5 25. Rxa5 Qxa5 26. Nd4 Bc8 27. Qh5 g6 28. Bxg6 hxg6 29. Qxg6+ Kh8 30. Qh6+ Kg8 31. Qg6+ Kh8 32. Nc6 Qc7 33. Qh6+ Kg8 34. Qg6+ Kh8 35. Qh6+ Kg8 36. Qg6+ Kh8 1/2-1/2

[Event "10th A Margaryan Memorial 2020"]
[Site "Yerevan"]
[Date "2020.01.12"]
[Round "4.3"]
[White "Hayrapetyan, Hovik"]
[Black "Sturua, Zurab"]
[Result "1-0"]
[WhiteElo "2458"]
[BlackElo "2530"]
[Annotator "TA"]
[PlyCount "125"]
[EventDate "2020.01.09"]
[EventType "tourn"]
[EventCountry "ARM"]
[SourceTitle "playchess.com"]
[Source "ChessBase"]
[SourceQuality "1"]

{[%evp 23,125,0,0,-17,-10,-16,-1,-17,-8,-26,-21,-14,0,0,0,-9,-10,-10,-10,-14,-9,-10,0,0,0,-8,-2,-1,0,0,-4,-10,0,-25,0,0,0,-15,0,0,0,0,0,0,0,0,11,0,0,-29,0,-11,0,0,0,0,14,13,14,13,9,14,38,0,7,2,7,8,87,9,14,16,15,0,15,9,21,0,0,-64,-56,-54,0,0,0,0,0,0,0,-45,-5,-78,0,0,363,341,326,277,29992,29993,29996,29997,29997,29998]} 1. c4 e6 2. Nc3 d5 3. d4 Be7 4. Nf3 Nf6 5. Bg5 h6 6. Bxf6 Bxf6 7. cxd5 exd5 8. e3 O-O 9. Qb3 c6 10. Bd3 Re8 11. O-O Nd7 12. Qc2 Nf8 13. Bf5 {D36: Queen's Gambit Declined: Exchange Variation: Main line (5 Bg5 c6 6 Qc2)} (13. b4 Bg4 14. Nd2 Qd6 15. Qb3 Bd8 16. Rfc1 Bc7 17. Nf1 Ng6 18. b5 Nh4 19. bxc6 bxc6 20. Qc2 Bf3 21. gxf3 {1-0 (38) Salkic,M (2020)-Alic,S (2051) Bosanska Krupa 2018}) 13... Be7 $146 ({Predecessor:} 13... Bxf5 14. Qxf5 g6 15. Qh3 Kg7 16. Rac1 Ne6 17. Qg3 Ng5 18. Nd2 h5 19. f4 Ne4 20. Ndxe4 dxe4 {0-1 (53) Johnson,B-Jarosz,S Detroit East 1983}) 14. Rab1 a5 15. a3 {The position is equal.} Bd6 16. Rfc1 Bxf5 17. Qxf5 a4 18. Qc2 Qa5 19. b4 axb3 20. Rxb3 Ra7 21. a4 Re7 22. Rcb1 Qd8 23. R1b2 Ne6 24. Qb1 {[%cal Rb3b7]} Qd7 25. g3 Nd8 26. Kg2 Bc7 27. h3 Qe8 28. Ra2 Ba5 29. Ne2 Bc7 30. Nc1 Ba5 31. Nd3 Rc7 32. Nf4 Re7 33. h4 Ra8 34. Nd3 Rc7 35. Nc5 {[%cal Rc5b7]} b6 36. Nd3 Nb7 {[%cal Bd8b7,Bb7d6,Bd6e4][%mdl 32]} 37. Rc2 Nd6 38. h5 Rac8 39. Nf4 Qe4 40. Rc1 Qe8 41. Qd3 Ne4 42. Rb2 Rd8 43. Qb3 Rd6 44. Rbc2 Qd8 45. Qd3 {Threatening Nxd5!} c5 (45... Ng5 $11) 46. Nxd5 (46. Ne5 $1 $16) 46... Nxf2 $1 $11 47. Rxf2 Rxd5 48. e4 $1 {[%cal Re4d5]} Rxh5 49. g4 {[#]} Rg5 $1 {[%cal Rg5g4][%mdl 512]} 50. Nxg5 Qxg5 {[%mdl 64] Double Attack} 51. Rc4 ({White should try} 51. Qd1 $11) 51... Qxg4+ $15 52. Kf1 Rc6 (52... Re7 $15 53. d5 Qd7) 53. Qf3 $36 {[%mdl 2048] White has good play.} Qd7 54. Qf5 Qc7 55. e5 {d5 is the strong threat.} Re6 56. Qf4 Qe7 57. dxc5 (57. Qe4 $11 {keeps the balance.}) 57... bxc5 (57... Rxe5 $17 {White must now prevent ...Qe6.} 58. c6 b5 59. axb5 Qe6 60. Qxf7+ Qxf7 61. Rxf7 Kxf7) 58. Rxc5 Bb6 $2 {[%mdl 8192]} (58... Qd7 $11 {and Black has nothing to worry.} 59. Rxa5 Qd1+ 60. Kg2 Rg6+ 61. Kh3 Qh5+ 62. Qh4 Qd1) 59. Rc8+ $18 Kh7 {[#]} 60. Qe4+ $1 ({Weaker is} 60. Qxf7 Bxf2 61. Qg8+ Kg6 $15) 60... g6 $2 {[#]} (60... Rg6 $18 61. Qa8 Rg4 62. Rh8+ Kg6) 61. Qa8 $1 {[%mdl 512] White mates.} g5 62. Rh8+ Kg6 63. Qe4+ {Accuracy: White = 57%, Black = 43%.} 1-0

[Event "10th A Margaryan Memorial 2020"]
[Site "Yerevan"]
[Date "2020.01.12"]
[Round "4.3"]
[White "Barseghyan, Armen Ar."]
[Black "Levin, Evgeny A."]
[Result "*"]
[WhiteElo "2408"]
[BlackElo "2527"]
[Annotator "ChessBase"]
[PlyCount "45"]
[EventDate "2020.01.09"]
[EventType "tourn"]
[EventCountry "ARM"]
[SourceTitle "playchess.com"]
[Source "ChessBase"]
[SourceQuality "1"]
[TimeControl "40/5400+30:1800+30"]

1. c4 e6 2. Nc3 d5 3. d4 Be7 4. Nf3 Nf6 5. Bg5 h6 6. Bxf6 Bxf6 7. cxd5 exd5 8. e3 O-O 9. Qb3 c6 10. Bd3 Re8 11. O-O Nd7 12. Qc2 Nf8 13. Bf5 Be7 14. Rab1 a5 15. a3 Bd6 16. Rfc1 Bxf5 17. Qxf5 a4 18. Qc2 Qa5 19. b4 axb3 20. Rxb3 Ra7 21. a4 Re7 22. Rcb1 Qd8 23. R1b2 *

[Event "10th A Margaryan Memorial 2020"]
[Site "Yerevan"]
[Date "2020.01.12"]
[Round "4.4"]
[White "Galperin, Platon"]
[Black "Matviishen, Viktor"]
[Result "0-1"]
[WhiteElo "2460"]
[BlackElo "2497"]
[Annotator "ChessBase"]
[PlyCount "42"]
[EventDate "2020.01.09"]
[EventType "tourn"]
[EventCountry "ARM"]
[SourceTitle "playchess.com"]
[Source "ChessBase"]
[SourceQuality "1"]
[TimeControl "40/5400+30:1800+30"]

1. c4 c6 2. Nf3 d5 3. d4 Nf6 4. Nc3 e6 5. Bg5 h6 6. Bh4 dxc4 7. e4 g5 8. Bg3 b5 9. h4 g4 10. Ne5 h5 11. Be2 Bg7 12. O-O b4 13. Nxc4 bxc3 14. Nd6+ Kf8 15. bxc3 Ne8 16. Nxc8 Qxc8 17. f3 c5 18. fxg4 cxd4 19. cxd4 Nc6 20. d5 Nd4 21. Rc1 Qxc1 0-1

[Event "10th A Margaryan Memorial 2020"]
[Site "Yerevan"]
[Date "2020.01.12"]
[Round "4.5"]
[White "Shahinyan, David"]
[Black "Davtyan, Artur"]
[Result "1/2-1/2"]
[WhiteElo "2444"]
[BlackElo "2437"]
[Annotator "ChessBase"]
[PlyCount "129"]
[EventDate "2020.01.09"]
[EventType "tourn"]
[EventCountry "ARM"]
[SourceTitle "playchess.com"]
[Source "ChessBase"]
[SourceQuality "1"]
[TimeControl "40/5400+30:1800+30"]

1. Nf3 d5 2. g3 Nf6 3. Bg2 e6 4. c4 dxc4 5. Na3 Bxa3 6. bxa3 O-O 7. Qc2 Nc6 8. Bb2 Qd6 9. Qxc4 e5 10. O-O Be6 11. Qc2 Rfe8 12. Rfc1 Rad8 13. d3 Bd5 14. Qc5 e4 15. dxe4 Nxe4 16. Qc2 Qh6 17. Rd1 Nf6 18. Nh4 Bxg2 19. Kxg2 Nd5 20. Nf5 Qe6 21. Bxg7 Qxe2 22. Qxe2 Rxe2 23. Kf1 Re6 24. Rac1 f6 25. Bh6 Re5 26. g4 Rde8 27. Rd3 Nce7 28. Nxe7+ R8xe7 29. f4 Ne3+ 30. Ke2 R5e6 31. Kf3 f5 32. Rd8+ Re8 33. Rxe8+ Rxe8 34. Rxc7 Nxg4 35. Bg5 Re3+ 36. Kg2 Rxa3 37. Rxb7 Rxa2+ 38. Kg3 Nxh2 39. Bf6 Nf1+ 40. Kf3 Nh2+ 41. Kg3 h6 42. Bb2 Ng4 43. Kh4 Ra6 44. Kh5 Rb6 45. Rxb6 axb6 46. Kg6 Ne3 47. Bd4 Nc4 48. Kxf5 Kf7 49. Kg4 b5 50. Bc5 Nd2 51. Kf5 Nb3 52. Bb6 b4 53. Ke4 h5 54. Bf2 Na5 55. Bh4 Nc4 56. Kd3 Nd6 57. Be1 b3 58. Kc3 Ke6 59. Kxb3 Kd5 60. Kc3 Ke4 61. Kd2 Kf3 62. Bh4 Kg4 63. Bd8 Nf5 64. Ke2 Kg3 65. Kf1 1/2-1/2

[Event "10th A Margaryan Memorial 2020"]
[Site "Yerevan"]
[Date "2020.01.15"]
[Round "5.1"]
[White "Davtyan, Artur"]
[Black "Sargsyan, Anna M."]
[Result "1-0"]
[WhiteElo "2437"]
[BlackElo "2382"]
[Annotator "TA"]
[PlyCount "81"]
[EventDate "2020.01.09"]
[EventType "tourn"]
[EventCountry "ARM"]
[SourceTitle "playchess.com"]
[Source "ChessBase"]
[SourceQuality "1"]

{[%evp 20,81,24,14,43,37,36,31,19,17,19,0,136,122,134,139,160,160,181,178,195,176,198,203,249,223,241,243,241,240,233,222,233,218,253,248,257,239,282,258,279,276,326,328,344,352,314,241,256,211,560,551,779,762,748,724,722,708,731,720,1039,1029,1027,1025]} 1. d4 d5 2. c4 c6 3. Nf3 Nf6 4. Nc3 dxc4 5. a4 Bf5 6. Ne5 Nbd7 7. Nxc4 Qc7 8. g3 e5 9. dxe5 Nxe5 10. Bf4 Nfd7 11. Bg2 g5 {D17: Slav Defence: 5 a4 Bf5: Lines with 6 Nh4 and 6 Ne5} 12. Ne3 gxf4 13. Nxf5 O-O-O {White is slightly better.} 14. Qc2 Kb8 15. Rd1 {[#]} h5 $146 (15... Ng6 $11 {remains equal.}) ({Predecessor:} 15... Ng6 16. Qb3 Bc5 17. O-O Nf6 18. Qc4 Qe5 19. Nh6 fxg3 20. hxg3 Qh5 21. Bf3 Qg5 22. Kg2 Qxh6 23. Qxc5 Nf4+ 24. Kg1 Nh3+ 25. Kg2 Nf4+ 26. Kg1 {½-½ (26) Korobov,A (2605)-Ragger,M (2518) Beijing 2008}) 16. gxf4 $16 Ng6 17. e3 h4 18. h3 Nc5 19. O-O Ne6 20. Rxd8+ Qxd8 21. Rd1 Qf6 22. Qe4 Bc5 23. Rd7 {[#] White wants to mate with Rxb7+!} Rc8 24. Nd6 $40 {[%mdl 128] White attacks with force.} Bxd6 25. Rxd6 Qe7 26. Rd1 Nc5 27. Qc4 a5 28. Ne2 Na6 29. Nd4 {[%cal Rd4c6] [#] Nxc6+! is the strong threat.} Nb4 30. Nb3 Qc7 31. Qc5 b6 32. Qf5 {Threatens to win with Rd7.} Nf8 33. Nd4 Qe7 34. Rc1 c5 $2 (34... Kb7 35. Qg4 Qf6) 35. Nb5 $18 {White is clearly winning.} Qe6 36. Qh5 Nd7 37. Qf3 {[%csl Gg2][%cal Rf3b7]} Qc6 38. Qxc6 Nxc6 39. Rd1 Nf8 40. Rd6 Kb7 41. Rh6 {Accuracy: White = 90%, Black = 40%.} 1-0

[Event "10th A Margaryan Memorial 2020"]
[Site "Yerevan"]
[Date "2020.01.13"]
[Round "5.2"]
[White "Matviishen, Viktor"]
[Black "Shahinyan, David"]
[Result "1-0"]
[WhiteElo "2497"]
[BlackElo "2444"]
[Annotator "TA"]
[PlyCount "77"]
[EventDate "2020.01.09"]
[EventType "tourn"]
[EventCountry "ARM"]
[SourceTitle "playchess.com"]
[Source "ChessBase"]
[SourceQuality "1"]

{[%evp 13,109,33,33,0,0,16,13,0,17,8,17,4,18,0,30,11,24,0,0,0,0,-50,0,-22,-13,-29,0,-11,0,0,7,0,0,0,0,0,0,-66,0,-14,0,0,0,0,0,0,8,0,0,0,0,0,0,0,0,0,0,0,0,0,189,184,316,327,393,397,374,252,242,233,248,241,220,29,24,30,27,27,25,31,38,14,543,571,1271,1248,1166,1149,5545,759,629,621,12846,745,5218,1562,815,499]} 1. d4 e6 2. c4 f5 3. g3 Nf6 4. Bg2 d5 5. Nh3 c6 6. O-O Bd6 7. Bf4 Be7 8. Nd2 {A90: Dutch Defence: Miscellaneous and Modern Stonewall (with ...Bd6)} (8. Qc2 O-O 9. Rd1 h6 10. Nc3 Qe8 11. Rac1 g5 12. Be5 Nbd7 13. f3 Nxe5 14. dxe5 Nd7 15. f4 dxc4 16. Nb1 gxf4 17. gxf4 {½-½ (55) Aronian,L (2792)-Carlsen,M (2855) Leuven 2016}) 8... Qb6 9. Nf3 $146 ({Predecessor:} 9. Qc2 Qxd4 10. Be3 {½-½ (10) Linna,A (2554)-Bern,I (2592) ICCF corr 2002}) 9... Qxb2 10. c5 {The position is equal.} Qa3 11. Qc2 Qa5 12. a4 O-O 13. Rfb1 Na6 14. Ne5 Qd8 15. f3 Nd7 16. Nxd7 Qxd7 17. Nf2 b6 18. Nd3 bxc5 19. dxc5 Bf6 20. Bd6 Bxa1 21. Rxa1 Rb8 22. Qc3 Qb7 23. Qa5 Re8 24. f4 Qb3 25. Rf1 (25. Bf1 $11) 25... Bb7 (25... Ra8 $15) 26. Bf3 $11 Rbd8 27. Kg2 g6 28. h4 h5 $1 29. Ne5 Kg7 30. Nd3 Kh7 31. Ra1 Rd7 32. Qe1 Rg7 33. Rb1 Qa2 34. Rb2 Qxa4 35. Qc3 {[#]} e5 $1 36. fxe5 (36. Nxe5 Rd8) 36... f4 $2 (36... Bc8 $11) 37. Nxf4 $18 Bc8 {[#]} (37... Qc4 $142 38. Qxc4 dxc4) 38. e6 $1 {[%mdl 512]} d4 (38... Bxe6 39. Qf6) 39. Qc1 {Played: Qc3-d3} 1-0